[Event "DVM U16 2021"]
[Site "Kiel GER"]
[Date "2022.07.24"]
[Round "3"]
[White "Bangsa, Pandu"]
[Black "Ginschel, Leonhard"]
[Result "0-1"]
[Termination "normal"]
[Board "8.4"]
[WhiteElo "1457"]
[BlackElo "1273"]
[WhiteClock "00:30:10"]
[BlackClock "00:20:55"]
[WhiteTeam "SK Kelheim 1920"]
[BlackTeam "TV Tegernsee"]
[PlyCount "58"]
[WhiteFideId "16297873"]
[BlackFideId "16290917"]
[EventCountry "GER"]
[EventRounds "7"]
[EventType "team-swiss"]
[EventDate "2022.07.22"]

1. e4 {[%clk 01:30:58]} {[%emt 00:00:02]} e5 {[%clk 01:30:56]} {[%emt
00:00:05]} 2. Nf3 {[%clk 01:31:18]} {[%emt 00:00:10]} Nc6 {[%clk 01:31:23]}
{[%emt 00:00:03]} 3. d4 {[%clk 01:30:55]} {[%emt 00:00:53]} exd4 {[%clk
01:31:47]} {[%emt 00:00:05]} 4. Nxd4 {[%clk 01:31:21]} {[%emt 00:00:04]} Bc5
{[%clk 01:32:12]} {[%emt 00:00:06]} 5. Be3 {[%clk 01:31:46]} {[%emt 00:00:05]}
Qf6 {[%clk 01:32:25]} {[%emt 00:00:17]} 6. c3 {[%clk 01:32:09]} {[%emt
00:00:07]} Nge7 {[%clk 01:32:48]} {[%emt 00:00:07]} 7. Bc4 {[%clk 01:32:27]}
{[%emt 00:00:12]} Ne5 {[%clk 01:32:44]} {[%emt 00:00:34]} 8. Bb3 {[%clk
01:32:31]} {[%emt 00:00:26]} O-O {[%clk 01:27:30]} {[%emt 00:05:44]} 9. O-O
{[%clk 01:31:04]} {[%emt 00:01:57]} d6 {[%clk 01:20:05]} {[%emt 00:07:55]} 10.
Nd2 {[%clk 01:28:58]} {[%emt 00:02:35]} Ng4 {[%clk 01:18:20]} {[%emt 00:02:15]}
11. N2f3 {[%clk 01:27:03]} {[%emt 00:02:26]} Nxe3 {[%clk 01:17:38]} {[%emt
00:01:12]} 12. fxe3 {[%clk 01:27:25]} {[%emt 00:00:08]} Ng6 {[%clk 01:14:50]}
{[%emt 00:03:18]} 13. Qd3 {[%clk 01:24:30]} {[%emt 00:03:25]} Bd7 {[%clk
01:07:45]} {[%emt 00:07:35]} 14. Bc2 {[%clk 01:20:55]} {[%emt 00:04:05]} Ne5
{[%clk 01:05:12]} {[%emt 00:03:01]} 15. Nxe5 {[%clk 01:20:57]} {[%emt
00:00:30]} Qxe5 {[%clk 01:05:36]} {[%emt 00:00:06]} 16. Nf3 {[%clk 01:21:12]}
{[%emt 00:00:15]} Qh5 {[%clk 00:58:39]} {[%emt 00:07:27]} 17. b4 {[%clk
01:15:23]} {[%emt 00:06:19]} Bb6 {[%clk 00:55:25]} {[%emt 00:03:43]} 18. a4
{[%clk 01:15:13]} {[%emt 00:00:40]} a5 {[%clk 00:48:40]} {[%emt 00:07:14]} 19.
Kf2 {[%clk 01:13:13]} {[%emt 00:02:31]} Qg6 {[%clk 00:46:17]} {[%emt 00:02:53]}
20. b5 {[%clk 00:59:37]} {[%emt 00:14:07]} Be6 {[%clk 00:41:33]} {[%emt
00:05:13]} 21. Nd4 {[%clk 00:53:02]} {[%emt 00:07:05]} Rad8 {[%clk 00:37:23]}
{[%emt 00:04:39]} 22. Qd2 {[%clk 00:49:10]} {[%emt 00:04:23]} Qf6+ {[%clk
00:31:41]} {[%emt 00:06:13]} 23. Ke1 {[%clk 00:47:28]} {[%emt 00:02:12]} Qe7
{[%clk 00:30:27]} {[%emt 00:01:44]} 24. Rf3 {[%clk 00:43:47]} {[%emt 00:04:11]}
Bg4 {[%clk 00:27:42]} {[%emt 00:03:14]} 25. Rg3 {[%clk 00:42:14]} {[%emt
00:02:03]} Bh5 {[%clk 00:26:26]} {[%emt 00:01:46]} 26. Nf5 {[%clk 00:41:18]}
{[%emt 00:01:26]} Qe5 {[%clk 00:23:26]} {[%emt 00:03:30]} 27. Rg5 {[%clk
00:33:34]} {[%emt 00:08:15]} Qxh2 {[%clk 00:21:34]} {[%emt 00:02:21]} 28. Rxg7+
{[%clk 00:30:24]} {[%emt 00:03:41]} Kh8 {[%clk 00:21:48]} {[%emt 00:00:16]} 29.
Kf2 {[%clk 00:30:10]} {[%emt 00:00:44]} Bg6 {[%clk 00:20:55]} {[%emt 00:01:23]}
0-1

[Event "DVM U16 2021"]
[Site "Kiel GER"]
[Date "2022.07.24"]
[Round "3"]
[White "Zhou, Lepu Coco"]
[Black "Abou Wally, Adrian"]
[Result "1-0"]
[Termination "normal"]
[Board "9.1"]
[WhiteElo "1986"]
[BlackElo "1624"]
[WhiteClock "00:01:45"]
[BlackClock "00:01:11"]
[WhiteTeam "SC Weisse Dame e.V."]
[BlackTeam "SV Schott Jena"]
[PlyCount "110"]
[WhiteFideId "16217136"]
[BlackFideId "16245113"]
[EventCountry "GER"]
[EventRounds "7"]
[EventType "team-swiss"]
[EventDate "2022.07.22"]

1. e4 {[%clk 01:30:55]} {[%emt 00:00:04]} e5 {[%clk 01:30:57]} {[%emt
00:00:04]} 2. Nf3 {[%clk 01:30:30]} {[%emt 00:00:55]} Nc6 {[%clk 01:31:21]}
{[%emt 00:00:06]} 3. Bb5 {[%clk 01:30:41]} {[%emt 00:00:19]} a6 {[%clk
01:31:43]} {[%emt 00:00:09]} 4. Ba4 {[%clk 01:31:06]} {[%emt 00:00:04]} Nf6
{[%clk 01:31:58]} {[%emt 00:00:15]} 5. O-O {[%clk 01:31:21]} {[%emt 00:00:15]}
b5 {[%clk 01:31:54]} {[%emt 00:00:34]} 6. Bb3 {[%clk 01:31:43]} {[%emt
00:00:08]} Be7 {[%clk 01:31:41]} {[%emt 00:00:42]} 7. Re1 {[%clk 01:31:03]}
{[%emt 00:01:11]} d6 {[%clk 01:31:39]} {[%emt 00:00:32]} 8. c3 {[%clk
01:31:13]} {[%emt 00:00:20]} Na5 {[%clk 01:31:12]} {[%emt 00:00:57]} 9. Bc2
{[%clk 01:31:33]} {[%emt 00:00:10]} c5 {[%clk 01:31:22]} {[%emt 00:00:21]} 10.
h3 {[%clk 01:30:43]} {[%emt 00:01:20]} O-O {[%clk 01:31:31]} {[%emt 00:00:21]}
11. d4 {[%clk 01:30:55]} {[%emt 00:00:17]} Qc7 {[%clk 01:30:49]} {[%emt
00:01:12]} 12. d5 {[%clk 01:27:16]} {[%emt 00:04:08]} h6 {[%clk 01:22:55]}
{[%emt 00:08:25]} 13. Nbd2 {[%clk 01:24:40]} {[%emt 00:03:05]} Bd7 {[%clk
01:19:55]} {[%emt 00:03:31]} 14. Nf1 {[%clk 01:23:05]} {[%emt 00:02:05]} Rfc8
{[%clk 01:17:57]} {[%emt 00:02:28]} 15. b3 {[%clk 01:20:21]} {[%emt 00:03:14]}
Bf8 {[%clk 01:15:38]} {[%emt 00:02:49]} 16. g4 {[%clk 01:15:05]} {[%emt
00:05:45]} g6 {[%clk 01:09:39]} {[%emt 00:06:30]} 17. Ng3 {[%clk 01:09:56]}
{[%emt 00:05:39]} Bg7 {[%clk 01:05:57]} {[%emt 00:04:12]} 18. Kg2 {[%clk
01:08:59]} {[%emt 00:01:26]} c4 {[%clk 01:00:29]} {[%emt 00:05:59]} 19. b4
{[%clk 01:06:56]} {[%emt 00:02:34]} Nb7 {[%clk 01:00:52]} {[%emt 00:00:06]} 20.
g5 {[%clk 01:06:38]} {[%emt 00:00:47]} hxg5 {[%clk 01:00:24]} {[%emt 00:00:59]}
21. Bxg5 {[%clk 01:04:34]} {[%emt 00:02:34]} a5 {[%clk 00:56:33]} {[%emt
00:04:22]} 22. Nh2 {[%clk 00:58:29]} {[%emt 00:06:34]} Nh7 {[%clk 00:44:47]}
{[%emt 00:12:16]} 23. Be3 {[%clk 00:55:48]} {[%emt 00:03:11]} axb4 {[%clk
00:41:52]} {[%emt 00:03:26]} 24. cxb4 {[%clk 00:56:04]} {[%emt 00:00:13]} Ra3
{[%clk 00:33:28]} {[%emt 00:08:55]} 25. Ng4 {[%clk 00:54:14]} {[%emt 00:02:19]}
Rca8 {[%clk 00:32:19]} {[%emt 00:01:39]} 26. Qb1 {[%clk 00:47:03]} {[%emt
00:07:41]} Qc8 {[%clk 00:23:53]} {[%emt 00:08:57]} 27. Rh1 {[%clk 00:33:34]}
{[%emt 00:13:58]} Nd8 {[%clk 00:15:07]} {[%emt 00:09:16]} 28. Bb6 {[%clk
00:26:52]} {[%emt 00:07:12]} R3a6 {[%clk 00:12:25]} {[%emt 00:03:12]} 29. Be3
{[%clk 00:26:14]} {[%emt 00:01:08]} Ra3 {[%clk 00:11:41]} {[%emt 00:01:14]} 30.
Bc1 {[%clk 00:15:02]} {[%emt 00:11:42]} R3a6 {[%clk 00:11:15]} {[%emt
00:00:55]} 31. Nh6+ {[%clk 00:14:59]} {[%emt 00:00:34]} Kf8 {[%clk 00:10:34]}
{[%emt 00:01:10]} 32. a3 {[%clk 00:14:47]} {[%emt 00:00:42]} f6 {[%clk
00:08:53]} {[%emt 00:02:12]} 33. h4 {[%clk 00:07:15]} {[%emt 00:08:02]} Nf7
{[%clk 00:06:19]} {[%emt 00:03:05]} 34. Nxf7 {[%clk 00:07:36]} {[%emt
00:00:09]} Kxf7 {[%clk 00:06:47]} 35. h5 {[%clk 00:07:09]} {[%emt 00:00:56]} g5
{[%clk 00:05:42]} {[%emt 00:01:36]} 36. h6 {[%clk 00:06:17]} {[%emt 00:01:22]}
Bh8 {[%clk 00:05:26]} {[%emt 00:00:46]} 37. Bd1 {[%clk 00:05:55]} {[%emt
00:00:52]} Bg4 {[%clk 00:04:28]} {[%emt 00:01:28]} 38. Bxg4 {[%clk 00:04:17]}
{[%emt 00:02:09]} Qxg4 {[%clk 00:04:56]} 39. f3 {[%clk 00:04:30]} {[%emt
00:00:16]} Qd7 {[%clk 00:04:59]} {[%emt 00:00:27]} 40. Nf5 {[%clk 00:04:51]}
{[%emt 00:00:09]} Rg8 {[%clk 00:02:06]} {[%emt 00:03:23]} 41. Ra2 {[%clk
00:24:46]} {[%emt 00:10:36]} Raa8 {[%clk 00:29:54]} {[%emt 00:02:42]} 42. Qc2
{[%clk 00:23:33]} {[%emt 00:01:42]} Nf8 {[%clk 00:26:54]} {[%emt 00:03:31]} 43.
Kf1 {[%clk 00:20:11]} {[%emt 00:03:52]} Ng6 {[%clk 00:23:01]} {[%emt 00:04:23]}
44. Qh2 {[%clk 00:19:45]} {[%emt 00:00:55]} Qc7 {[%clk 00:14:57]} {[%emt
00:08:34]} 45. Rc2 {[%clk 00:11:43]} {[%emt 00:08:33]} Ke8 {[%clk 00:10:59]}
{[%emt 00:04:28]} 46. Qh5 {[%clk 00:01:51]} {[%emt 00:10:22]} Kf7 {[%clk
00:09:24]} {[%emt 00:02:05]} 47. h7 {[%clk 00:01:50]} {[%emt 00:00:30]} Rgd8
{[%clk 00:07:43]} {[%emt 00:02:11]} 48. Nh6+ {[%clk 00:02:13]} {[%emt
00:00:07]} Kg7 {[%clk 00:07:27]} {[%emt 00:00:47]} 49. Nf5+ {[%clk 00:02:39]}
{[%emt 00:00:04]} Kf7 {[%clk 00:07:51]} {[%emt 00:00:07]} 50. Nh4 {[%clk
00:01:12]} {[%emt 00:01:56]} gxh4 {[%clk 00:04:01]} {[%emt 00:04:20]} 51. Rg1
{[%clk 00:01:37]} {[%emt 00:00:05]} Kf8 {[%clk 00:01:10]} {[%emt 00:03:21]} 52.
Qxg6 {[%clk 00:02:00]} {[%emt 00:00:06]} Qg7 {[%clk 00:01:34]} {[%emt
00:00:07]} 53. Qh5 {[%clk 00:02:12]} {[%emt 00:00:18]} Qf7 {[%clk 00:01:36]}
{[%emt 00:00:27]} 54. Qxh4 {[%clk 00:01:28]} {[%emt 00:01:15]} f5 {[%clk
00:01:11]} {[%emt 00:00:55]} 55. Rg8+ {[%clk 00:01:45]} {[%emt 00:00:13]} Qg7
{[%emt 00:00:11]} 1-0

[Event "DVM U16 2021"]
[Site "Kiel GER"]
[Date "2022.07.24"]
[Round "3"]
[White "Matiashvili, Alexander Michael"]
[Black "Junge, Mattheo Gabriel"]
[Result "0-1"]
[Termination "normal"]
[Board "9.3"]
[WhiteElo "1397"]
[BlackElo "1146"]
[WhiteClock "00:31:53"]
[BlackClock "00:44:22"]
[WhiteTeam "SC Weisse Dame e.V."]
[BlackTeam "SV Schott Jena"]
[PlyCount "82"]
[WhiteFideId "16266242"]
[BlackFideId "34605908"]
[EventCountry "GER"]
[EventRounds "7"]
[EventType "team-swiss"]
[EventDate "2022.07.22"]

1. e4 {[%clk 01:30:57]} {[%emt 00:00:02]} e5 {[%clk 01:30:53]} {[%emt
00:00:08]} 2. Nf3 {[%clk 01:31:22]} {[%emt 00:00:05]} Nc6 {[%clk 01:31:17]}
{[%emt 00:00:06]} 3. Bb5 {[%clk 01:31:45]} {[%emt 00:00:07]} a6 {[%clk
01:31:35]} {[%emt 00:00:10]} 4. Ba4 {[%clk 01:32:08]} {[%emt 00:00:10]} Nf6
{[%clk 01:31:51]} {[%emt 00:00:13]} 5. O-O {[%clk 01:32:11]} {[%emt 00:00:27]}
Be7 {[%clk 01:32:12]} {[%emt 00:00:07]} 6. Re1 {[%clk 01:32:14]} {[%emt
00:00:28]} b5 {[%clk 01:32:31]} {[%emt 00:00:11]} 7. Bb3 {[%clk 01:32:43]}
{[%emt 00:00:02]} d6 {[%clk 01:32:48]} {[%emt 00:00:12]} 8. c3 {[%clk
01:33:01]} {[%emt 00:00:12]} Na5 {[%clk 01:33:00]} {[%emt 00:00:18]} 9. Bc2
{[%clk 01:33:21]} {[%emt 00:00:10]} c5 {[%clk 01:33:15]} {[%emt 00:00:16]} 10.
d3 {[%clk 01:32:39]} {[%emt 00:01:12]} O-O {[%clk 01:33:21]} {[%emt 00:00:24]}
11. Nbd2 {[%clk 01:32:37]} {[%emt 00:00:32]} Nc6 {[%clk 01:33:21]} {[%emt
00:00:28]} 12. Nf1 {[%clk 01:32:47]} {[%emt 00:00:21]} Re8 {[%clk 01:33:32]}
{[%emt 00:00:19]} 13. Ng3 {[%clk 01:32:33]} {[%emt 00:00:44]} h6 {[%clk
01:32:45]} {[%emt 00:01:17]} 14. h3 {[%clk 01:27:43]} {[%emt 00:05:21]} Bf8
{[%clk 01:32:53]} {[%emt 00:00:22]} 15. d4 {[%clk 01:27:40]} {[%emt 00:00:33]}
Qc7 {[%clk 01:32:44]} {[%emt 00:00:38]} 16. d5 {[%clk 01:25:42]} {[%emt
00:02:29]} Nd8 {[%clk 01:30:52]} {[%emt 00:02:22]} 17. c4 {[%clk 01:19:17]}
{[%emt 00:06:56]} bxc4 {[%clk 01:28:49]} {[%emt 00:02:33]} 18. Ba4 {[%clk
01:19:30]} {[%emt 00:00:16]} Re7 {[%clk 01:28:24]} {[%emt 00:00:54]} 19. Nd2
{[%clk 01:17:57]} {[%emt 00:02:04]} Nd7 {[%clk 01:27:41]} {[%emt 00:01:12]} 20.
Nf5 {[%clk 01:17:05]} {[%emt 00:01:23]} Nb6 {[%clk 01:24:58]} {[%emt 00:03:13]}
21. Nxe7+ {[%clk 01:16:57]} {[%emt 00:00:38]} Bxe7 {[%clk 01:25:21]} {[%emt
00:00:07]} 22. Qc2 {[%clk 01:15:16]} {[%emt 00:02:11]} Nxa4 {[%clk 01:25:21]}
{[%emt 00:00:30]} 23. Qxa4 {[%emt 00:00:11]} Bd7 {[%clk 01:21:53]} {[%emt
00:03:55]} 24. Qxc4 {[%clk 01:14:29]} {[%emt 00:01:39]} Bb5 {[%clk 01:19:50]}
{[%emt 00:02:32]} 25. Qc3 {[%clk 01:14:19]} {[%emt 00:00:40]} Nb7 {[%clk
01:19:11]} {[%emt 00:01:09]} 26. Nc4 {[%clk 01:11:34]} {[%emt 00:03:15]} Bd8
{[%clk 01:18:40]} {[%emt 00:01:00]} 27. Bd2 {[%clk 01:11:23]} {[%emt 00:00:41]}
Bd7 {[%clk 01:15:28]} {[%emt 00:03:42]} 28. Qg3 {[%clk 01:06:16]} {[%emt
00:05:38]} Kh7 {[%clk 01:15:36]} {[%emt 00:00:22]} 29. Rac1 {[%clk 01:00:09]}
{[%emt 00:06:37]} Bb5 {[%clk 01:12:21]} {[%emt 00:03:44]} 30. f4 {[%clk
00:58:01]} {[%emt 00:02:40]} f6 {[%clk 01:11:10]} {[%emt 00:01:40]} 31. f5
{[%clk 00:56:41]} {[%emt 00:01:50]} Be8 {[%clk 01:11:15]} {[%emt 00:00:24]} 32.
b4 {[%clk 00:55:37]} {[%emt 00:01:35]} Qd7 {[%clk 01:10:18]} {[%emt 00:01:23]}
33. Rb1 {[%clk 00:44:56]} {[%emt 00:11:15]} Rc8 {[%clk 01:09:37]} {[%emt
00:01:08]} 34. Qa3 {[%clk 00:44:05]} {[%emt 00:01:24]} cxb4 {[%clk 01:00:53]}
{[%emt 00:09:13]} 35. Rxb4 {[%clk 00:43:00]} {[%emt 00:01:36]} Nc5 {[%clk
00:59:28]} {[%emt 00:01:55]} 36. Nb6 {[%clk 00:41:03]} {[%emt 00:02:27]} Bxb6
{[%clk 00:59:12]} {[%emt 00:00:45]} 37. Rxb6 {[%clk 00:41:19]} {[%emt
00:00:15]} Qe7 {[%clk 00:48:27]} {[%emt 00:11:14]} 38. Bb4 {[%clk 00:38:28]}
{[%emt 00:03:22]} Bb5 {[%clk 00:47:52]} {[%emt 00:01:04]} 39. Bxc5 {[%clk
00:36:38]} {[%emt 00:02:21]} Rxc5 {[%clk 00:44:36]} {[%emt 00:03:46]} 40. Rb8
{[%clk 00:33:06]} {[%emt 00:04:02]} Qa7 {[%clk 00:44:12]} {[%emt 00:00:54]} 41.
Rd8 {[%clk 00:31:53]} {[%emt 00:01:43]} Rc3+ {[%clk 00:44:22]} {[%emt
00:00:19]} 0-1

[Event "DVM U16 2021"]
[Site "Kiel GER"]
[Date "2022.07.24"]
[Round "3"]
[White "Eichhorn, Josephine"]
[Black "Xu, Christ"]
[Result "1-0"]
[Termination "normal"]
[Board "9.4"]
[WhiteElo "1337"]
[BlackElo "1403"]
[WhiteClock "00:38:17"]
[BlackClock "00:26:16"]
[WhiteTeam "SV Schott Jena"]
[BlackTeam "SC Weisse Dame e.V."]
[PlyCount "101"]
[WhiteFideId "16242254"]
[BlackFideId "16280822"]
[EventCountry "GER"]
[EventRounds "7"]
[EventType "team-swiss"]
[EventDate "2022.07.22"]

1. e4 {[%emt 00:00:01]} e5 {[%emt 00:00:05]} 2. Nf3 {[%clk 01:30:47]} {[%emt
00:00:07]} Nf6 {[%clk 01:30:56]} {[%emt 00:00:04]} 3. d3 {[%clk 01:24:07]}
{[%emt 00:07:10]} Nc6 {[%clk 01:31:06]} {[%emt 00:00:19]} 4. Be3 {[%clk
01:23:33]} {[%emt 00:01:04]} d5 {[%clk 01:28:32]} {[%emt 00:03:04]} 5. Bg5
{[%clk 01:14:34]} {[%emt 00:09:29]} dxe4 {[%clk 01:26:53]} {[%emt 00:02:10]} 6.
Bxf6 {[%clk 01:14:46]} {[%emt 00:00:17]} Qxf6 {[%clk 01:27:09]} {[%emt
00:00:14]} 7. dxe4 {[%clk 01:14:58]} {[%emt 00:00:19]} Bb4+ {[%clk 01:24:19]}
{[%emt 00:03:20]} 8. c3 {[%clk 01:14:52]} {[%emt 00:00:36]} Bc5 {[%clk
01:23:45]} {[%emt 00:01:03]} 9. Bb5 {[%clk 01:08:31]} {[%emt 00:06:51]} Bd7
{[%clk 01:22:19]} {[%emt 00:01:56]} 10. Qd5 {[%clk 01:06:18]} {[%emt 00:02:43]}
Bd6 {[%clk 01:12:53]} {[%emt 00:09:57]} 11. Nbd2 {[%clk 01:00:39]} {[%emt
00:06:09]} O-O {[%clk 01:11:43]} {[%emt 00:01:40]} 12. O-O {[%clk 00:54:34]}
{[%emt 00:06:35]} Be6 {[%clk 01:02:29]} {[%emt 00:09:43]} 13. Qd3 {[%clk
00:54:14]} {[%emt 00:00:50]} Ne7 {[%clk 00:54:19]} {[%emt 00:08:41]} 14. Qe3
{[%clk 00:46:15]} {[%emt 00:08:30]} Ng6 {[%clk 00:51:52]} {[%emt 00:02:56]} 15.
Qg5 {[%clk 00:39:23]} {[%emt 00:07:21]} Qe7 {[%clk 00:51:09]} {[%emt 00:01:13]}
16. Nc4 {[%clk 00:33:13]} {[%emt 00:06:40]} f6 {[%clk 00:50:26]} {[%emt
00:01:12]} 17. Qd2 {[%clk 00:29:42]} {[%emt 00:04:02]} Bc5 {[%clk 00:46:48]}
{[%emt 00:04:08]} 18. Na5 {[%clk 00:25:09]} {[%emt 00:05:03]} c6 {[%clk
00:35:08]} {[%emt 00:12:11]} 19. Be2 {[%clk 00:19:37]} {[%emt 00:06:02]} Rad8
{[%clk 00:33:41]} {[%emt 00:01:56]} 20. Qc2 {[%clk 00:19:42]} {[%emt 00:00:26]}
Nf4 {[%clk 00:33:19]} {[%emt 00:00:52]} 21. Bc4 {[%clk 00:17:59]} {[%emt
00:02:13]} Bxc4 {[%clk 00:29:06]} {[%emt 00:04:43]} 22. Nxc4 {[%clk 00:18:17]}
{[%emt 00:00:11]} Qf7 {[%clk 00:24:16]} {[%emt 00:05:20]} 23. Na5 {[%clk
00:17:40]} {[%emt 00:01:07]} Qg6 {[%clk 00:22:46]} {[%emt 00:02:00]} 24. Nh4
{[%clk 00:17:43]} {[%emt 00:00:28]} Qg4 {[%clk 00:22:24]} {[%emt 00:00:50]} 25.
g3 {[%clk 00:17:18]} {[%emt 00:00:56]} g5 {[%clk 00:16:42]} {[%emt 00:06:12]}
26. Ng2 {[%clk 00:15:49]} {[%emt 00:01:59]} Nh3+ {[%clk 00:15:15]} {[%emt
00:01:58]} 27. Kh1 {[%clk 00:15:56]} {[%emt 00:00:23]} Qf3 {[%clk 00:13:04]}
{[%emt 00:02:41]} 28. Nxb7 {[%clk 00:12:55]} {[%emt 00:03:31]} Nxf2+ {[%clk
00:12:02]} {[%emt 00:01:32]} 29. Rxf2 {[%clk 00:12:36]} {[%emt 00:00:48]} Bxf2
{[%clk 00:09:09]} {[%emt 00:03:24]} 30. Rf1 {[%clk 00:12:18]} {[%emt 00:00:48]}
Rd7 {[%clk 00:07:49]} {[%emt 00:01:49]} 31. Nc5 {[%clk 00:12:15]} {[%emt
00:00:33]} Rdd8 {[%clk 00:06:07]} {[%emt 00:02:12]} 32. Ne6 {[%clk 00:12:02]}
{[%emt 00:00:43]} h5 {[%clk 00:05:12]} {[%emt 00:01:25]} 33. Nxf8 {[%clk
00:12:24]} {[%emt 00:00:08]} Kxf8 {[%clk 00:05:30]} {[%emt 00:00:12]} 34. h3
{[%clk 00:11:16]} {[%emt 00:01:39]} h4 {[%clk 00:04:25]} {[%emt 00:01:35]} 35.
Qxf2 {[%clk 00:10:55]} {[%emt 00:00:49]} Qxf2 {[%clk 00:02:07]} {[%emt
00:02:50]} 36. Rxf2 {[%clk 00:11:18]} {[%emt 00:00:07]} Rd1+ {[%clk 00:02:25]}
{[%emt 00:00:11]} 37. Kh2 {[%clk 00:11:36]} {[%emt 00:00:12]} hxg3+ {[%clk
00:02:03]} {[%emt 00:00:53]} 38. Kxg3 {[%clk 00:11:57]} {[%emt 00:00:08]} Kg7
{[%clk 00:01:30]} {[%emt 00:01:03]} 39. h4 {[%clk 00:11:01]} {[%emt 00:01:27]}
Rd8 {[%clk 00:00:34]} {[%emt 00:01:23]} 40. hxg5 {[%clk 00:11:14]} {[%emt
00:00:20]} fxg5 {[%clk 00:00:36]} {[%emt 00:00:28]} 41. Kg4 {[%clk 00:11:17]}
{[%emt 00:00:26]} Rd6 {[%clk 00:00:32]} {[%emt 00:00:34]} 42. Ne1 {[%clk
00:10:01]} {[%emt 00:01:47]} Rd1 {[%clk 00:28:38]} {[%emt 00:02:24]} 43. Nf3
{[%clk 00:39:48]} {[%emt 00:00:43]} c5 {[%clk 00:27:50]} {[%emt 00:01:17]} 44.
Nxe5 {[%clk 00:39:34]} {[%emt 00:00:45]} Rg1+ {[%clk 00:27:45]} {[%emt
00:00:34]} 45. Kf5 {[%clk 00:39:12]} {[%emt 00:00:52]} Kh6 {[%clk 00:27:23]}
{[%emt 00:00:48]} 46. Nf7+ {[%clk 00:39:28]} {[%emt 00:00:19]} Kg7 {[%clk
00:26:35]} {[%emt 00:01:18]} 47. Nxg5 {[%clk 00:39:41]} {[%emt 00:00:17]} Rh1
{[%clk 00:26:33]} {[%emt 00:00:32]} 48. Ne6+ {[%clk 00:39:35]} {[%emt
00:00:36]} Kg8 {[%clk 00:26:34]} {[%emt 00:00:29]} 49. Rg2+ {[%clk 00:39:09]}
{[%emt 00:00:56]} Kh8 {[%clk 00:26:47]} {[%emt 00:00:17]} 50. Nxc5 {[%clk
00:38:48]} {[%emt 00:00:51]} a6 {[%clk 00:26:16]} {[%emt 00:01:00]} 51. Nd7
{[%clk 00:38:17]} {[%emt 00:01:02]} 1-0

[Event "DVM U16 2021"]
[Site "Kiel GER"]
[Date "2022.07.24"]
[Round "3"]
[White "Fedgenhäuer, Paul"]
[Black "Schreidl, Michael"]
[Result "0-1"]
[Termination "normal"]
[Board "10.1"]
[WhiteElo "1354"]
[BlackElo "1616"]
[WhiteClock "01:30:57"]
[WhiteTeam "SV Grün-Weiß Niederwiesa"]
[BlackTeam "SK Frankenthal"]
[PlyCount "93"]
[WhiteFideId "34628347"]
[BlackFideId "16265750"]
[EventCountry "GER"]
[EventRounds "7"]
[EventType "team-swiss"]
[EventDate "2022.07.22"]

1. e4 {[%clk 01:30:57]} {[%emt 00:00:03]} e5 {[%emt 00:00:05]} 2. Nf3 {[%emt
00:00:05]} Nc6 {[%emt 00:00:04]} 3. Bb5 {[%emt 00:00:08]} a6 {[%emt 00:00:13]}
4. Ba4 {[%emt 00:00:43]} Nf6 {[%emt 00:00:13]} 5. O-O {[%emt 00:01:27]} b5
{[%emt 00:00:05]} 6. Bb3 {[%emt 00:00:21]} Be7 {[%emt 00:00:13]} 7. Re1 {[%emt
00:01:49]} O-O {[%emt 00:00:54]} 8. c3 {[%emt 00:02:08]} d6 {[%emt 00:00:57]}
9. h3 {[%emt 00:04:21]} Bb7 {[%emt 00:00:24]} 10. d4 {[%emt 00:03:00]} Re8
{[%emt 00:04:22]} 11. Bg5 {[%emt 00:03:36]} Nd7 {[%emt 00:04:35]} 12. Bxe7
{[%emt 00:01:03]} Qxe7 {[%emt 00:00:19]} 13. Nbd2 {[%emt 00:06:14]} Nf6 {[%emt
00:07:00]} 14. d5 {[%emt 00:01:57]} Nb8 {[%emt 00:00:57]} 15. c4 {[%emt
00:01:35]} Nbd7 {[%emt 00:06:05]} 16. cxb5 {[%emt 00:05:16]} axb5 {[%emt
00:00:05]} 17. a4 {[%emt 00:00:18]} Ba6 {[%emt 00:03:09]} 18. axb5 {[%emt
00:01:18]} Bxb5 {[%emt 00:00:05]} 19. Ba4 {[%emt 00:02:28]} Bxa4 {[%emt
00:00:26]} 20. Rxa4 {[%emt 00:00:09]} Nc5 {[%emt 00:00:41]} 21. Rxa8 {[%emt
00:00:12]} Rxa8 {[%emt 00:00:05]} 22. b4 {[%emt 00:02:05]} Nd3 {[%emt
00:03:05]} 23. Re3 {[%emt 00:01:01]} Nxb4 {[%emt 00:00:40]} 24. Rb3 {[%emt
00:02:26]} c5 {[%emt 00:03:28]} 25. dxc6 {[%emt 00:00:34]} Nxc6 {[%emt
00:00:09]} 26. Qb1 {[%emt 00:05:09]} Qc7 {[%emt 00:17:16]} 27. Rb7 {[%emt
00:03:16]} Qc8 {[%emt 00:04:08]} 28. Qb3 {[%emt 00:07:42]} Nd8 {[%emt
00:04:06]} 29. Rb6 {[%emt 00:01:49]} Qc7 {[%emt 00:02:28]} 30. Kh2 {[%emt
00:03:55]} g6 {[%emt 00:03:31]} 31. Ng1 {[%emt 00:05:17]} Nd7 {[%emt 00:01:44]}
32. Rb4 {[%emt 00:02:35]} Nc5 {[%emt 00:02:51]} 33. Qc2 {[%emt 00:02:35]} Nc6
{[%emt 00:00:12]} 34. Rc4 {[%emt 00:01:11]} Nd4 {[%emt 00:01:28]} 35. Qc1
{[%emt 00:00:58]} Qd8 {[%emt 00:06:29]} 36. Ndf3 {[%emt 00:02:35]} Nxf3+ {[%emt
00:14:22]} 37. Nxf3 {[%emt 00:00:15]} Qf6 {[%emt 00:01:11]} 38. Kg3 {[%emt
00:06:35]} Nd3 {[%emt 00:07:46]} 39. Qd2 {[%emt 00:01:51]} Kg7 {[%emt
00:03:06]} 40. Kh2 {[%emt 00:01:05]} Nc5 {[%emt 00:00:16]} 41. Ng1 {[%emt
00:02:31]} Nb3 {[%emt 00:07:26]} 42. Qe3 {[%emt 00:01:48]} Nd4 {[%emt
00:01:32]} 43. Ne2 {[%emt 00:00:50]} Qe6 {[%emt 00:09:29]} 44. Rc3 {[%emt
00:01:22]} Ra4 {[%emt 00:00:40]} 45. Nxd4 {[%emt 00:00:15]} exd4 {[%emt
00:00:20]} 46. Qc1 {[%emt 00:00:31]} dxc3 {[%emt 00:00:09]} 47. Qxc3+ {[%emt
00:00:03]} 0-1